Tratamiento de la pulmonía (Record no. 154653)

MARC details
000 -LEADER
campo de control de longitud fija 00644nam a22001695i 4500
001 - NÚMERO DE CONTROL
campo de control 154653
003 - IDENTIFICADOR DE NÚMERO DE CONTROL
campo de control ES-MaACL
005 - FECHA Y HORA DE LA ÚLTIMA TRANSACCIÓN
campo de control 20230906205818.0
008 - DATOS DE LONGITUD FIJA--INFORMACIÓN GENERAL
campo de control de longitud fija 970903s1885 sp |||| | spa d
040 ## - FUENTE DE CATALOGACIÓN
Centro catalogador/agencia de origen CYL
Lengua de catalogación spa
Centro/agencia transcriptor CYL
100 1# - ENTRADA PRINCIPAL--NOMBRE DE PERSONA
Nombre de persona Gordillo Lozano, Gaspar.
9 (RLIN) 127474
245 10 - MENCIÓN DEL TÍTULO
Título Tratamiento de la pulmonía
Resto del título : estudio crítico de los diversos procedimientos seguidos para curar dicha enfermedad /
Mención de responsabilidad, etc. por el doctor Gaspar Gordillo Lozano.
260 ## - PUBLICACIÓN, DISTRIBUCIÓN, ETC.
Lugar de publicación, distribución, etc. Madrid :
Nombre del editor, distribuidor, etc. [s.n.],
Fecha de publicación, distribución, etc. 1885 (
Fabricante Imprenta de F. Maroto é hijos)
300 ## - DESCRIPCIÓN FÍSICA
Extensión 322 p. ;
Dimensiones 21 cm.
650 #4 - PUNTO DE ACCESO ADICIONAL DE MATERIA--TÉRMINO DE MATERIA
Término de materia o nombre geográfico como elemento de entrada Pulmones-
Subdivisión general Enfermedades.
9 (RLIN) 136791
852 ## - LOCALIZACIÓN
Ubicación ES-MaACL
Número de control de estantería G-15755
Nota libre -- Enc. hol.
Holdings
Estatus retirado Estado de pérdida Estado de daño No para préstamo Colección Biblioteca de origen Biblioteca actual Ubicación en estantería Fecha de adquisición Fuente de adquisición Total de préstamos Signatura topográfica completa Código de barras Visto por última vez Precio de reemplazo Tipo de ítem Koha
        Libros del s. XIX Biblioteca del Ateneo de Madrid Biblioteca del Ateneo de Madrid Sala Pecera Planta 3 17/01/2008     G-15755 1161756 23/02/2023 23/02/2023 Libro impreso antiguo